Name the Bluey Character by Dog Breed - Statistics

General Stats
  • This quiz has been taken 106 times
  • The average score is 33 of 61
Answer Stats
Hint Answer % Correct
Heeler Bandit
100%
Heeler Bingo
100%
Heeler Bluey
98%
Heeler Chilli
96%
Heeler Muffin
95%
Heeler Socks
95%
Heeler Stripe
91%
Heeler Radley
88%
Heeler Chris
86%
Heeler Trixie
86%
Chow-Chow Judo
82%
Golden Retriever Lucky
82%
Heeler Bob
80%
Dalmatian Chloe
80%
Red Kelpie Rusty
80%
Daschund Snickers
80%
Chow-Chow Wendy
79%
Pomeranian Pom-Pom
77%
Poodle Coco
75%
Heeler Mort
75%
Bulldog Winton
75%
Golden Retriever Pat
73%
Jack Russell Jack
71%
Golden Retriever Chucky
70%
English Cocker Spaniel Frisky
70%
Beagle Honey
70%
Red Kelpie Dusty
66%
Golden Retriever Janelle
64%
Australian Shepherd Calypso
59%
Pug Buddy
55%
Labrador Jean Luc
50%
Australian Terrier Missy
48%
Poodle Bella
46%
Chocolate Lab Fido
46%
Saint Bernard Hercules
46%
Chocolate Lab Winnie
46%
Red Kelpie Digger
39%
Golden Retriever Mrs. Retriever
39%
Chihuahua Pretzel
38%
Great Pyrenees Doreen
36%
Dingo Alfie
34%
Cavalier King Charles Spaniel Bentley
32%
Cavapoo Dougie
30%
Beagle Marcus
29%
Saluki Cherry
27%
Beagle Daisy
27%
English Setter Mia
25%
Mastiff Sparky
25%
German Shepherd Gruber
23%
Rottweiler Jasper W.
23%
Basset Hound Rocko
23%
American Foxhound Captain
21%
Afghan Hound Chippy
21%
Dalmatian Frank
21%
Doberman Jasper G.
21%
Shiba Inu Juniper
21%
Brussels Griffon Busker
18%
Cavalier King Charles Spaniel Zara
18%
Bulldog Cornelius
16%
Akita Harley
16%
Irish Wolfhound Maynard
14%
No matching quizzes found
Score Distribution
Percent of People with Each Score
Percentile by Number Answered
Your Score History
You have not taken this quiz